[Event "N֖ Landesliga 2015/16"]
[Site "?"]
[Date "2015.09.27"]
[Round "1.1"]
[White "Reinwald, Patrick"]
[Black "Hellmayr, Alois"]
[Result "0-1"]
[WhiteElo "2231"]
[BlackElo "2234"]
[PlyCount "76"]
[EventDate "2015.09.27"]

1. e4 c5 2. d4 cxd4 3. c3 dxc3 4. Nxc3 Nc6 5. Nf3 e6 6. Bc4 a6 7. O-O Nge7 8.
Bg5 f6 9. Be3 Ng6 10. Bb3 b5 11. Qe2 Be7 12. Rfd1 d6 13. Nd4 Nxd4 14. Rxd4 O-O
15. f4 Kh8 16. Qh5 Qe8 17. f5 Nf4 18. Qxe8 Rxe8 19. Bxf4 e5 20. Rd2 exf4 21.
Kf2 g6 22. Nd5 Ra7 23. fxg6 hxg6 24. Nxf4 Kg7 25. Nd5 Bd8 26. Kf3 f5 27. exf5
Bxf5 28. g4 Be4+ 29. Kg3 Bg5 30. Re2 Rf7 31. h4 Rf3+ 32. Kh2 Bxh4 33. Rc1 Bg3+
34. Kg1 Re5 35. Rc7+ Kh6 36. Nc3 Bd3 37. Rxe5 Bxe5 38. Kg2 Rg3+ 0-1

[Event "N֖ Landesliga 2015/16"]
[Site "?"]
[Date "2015.09.27"]
[Round "1.1"]
[White "Heimberger, Reinhard"]
[Black "Sulzgruber, Robin"]
[Result "1-0"]
[WhiteElo "2258"]
[BlackElo "2241"]
[PlyCount "59"]
[EventDate "2015.09.27"]

1. d4 Nf6 2. g3 g6 3. Bg2 d5 4. Nf3 Bg7 5. O-O O-O 6. Nbd2 Bf5 7. c4 c6 8. b3
Ne4 9. Bb2 Qa5 10. a3 Nd7 11. b4 Qd8 12. Nh4 Nxd2 13. Qxd2 Nb6 14. Nxf5 gxf5
15. c5 Nc4 16. Qc2 b5 17. Bc3 e6 18. a4 a6 19. axb5 axb5 20. Rxa8 Qxa8 21. Ra1
Qb7 22. Qa2 Rb8 23. Qa7 Kf8 24. e3 Ke7 25. Bf3 Kd7 26. Bh5 f6 27. Qxb7+ Rxb7
28. Ra8 e5 29. Be8+ Kc7 30. Ra6 1-0

[Event "N֖ Landesliga 2015/16"]
[Site "?"]
[Date "2015.09.27"]
[Round "1.1"]
[White "Fr�wis, Annika"]
[Black "Lovrinovic, Christian"]
[Result "1/2-1/2"]
[WhiteElo "2083"]
[BlackElo "2121"]
[PlyCount "119"]
[EventDate "2015.09.27"]

1. e4 c5 2. Nf3 d6 3. d4 cxd4 4. Nxd4 Nf6 5. Nc3 g6 6. Be3 Bg7 7. f3 O-O 8. Qd2
Nc6 9. O-O-O d5 10. Kb1 Rb8 11. h4 Re8 12. Bb5 e5 13. Nxc6 bxc6 14. Bxa7 Rxb5
15. Nxb5 cxb5 16. exd5 Bb7 17. d6 Qd7 18. Bc5 Rc8 19. Ba3 Nd5 20. Rhe1 f5 21.
g3 Rc4 22. Qd3 Bf6 23. Rd2 Kg7 24. c3 e4 25. fxe4 fxe4 26. Qf1 Be5 27. g4 Bxd6
28. Bxd6 Qxd6 29. Ka1 Qe6 30. g5 e3 31. Rde2 Rxh4 32. Qf3 Rh3 33. Rxe3 Qxe3 34.
Rxe3 Rxf3 35. Rxf3 h5 36. b3 Bc8 37. c4 bxc4 38. bxc4 Nc7 39. Rf1 Ne6 40. Rg1
h4 41. Rh1 Nxg5 42. Rxh4 Ne6 43. Kb2 g5 44. Rg4 Kf6 45. Kc3 Kf5 46. Rg1 g4 47.
Kb4 Bb7 48. Kb5 Bf3 49. Kb6 Ke5 50. c5 Nd4 51. a4 Kf4 52. a5 g3 53. a6 g2 54.
a7 Kg3 55. Kc7 Kf2 56. Rxg2+ Bxg2 57. Kb8 Nc6+ 58. Kc7 Ne5 59. c6 Bxc6 60. Kb8
1/2-1/2

[Event "N֖ Landesliga 2015/16"]
[Site "?"]
[Date "2015.09.27"]
[Round "1.1"]
[White "Neumann, Christian"]
[Black "Wetscherek, Gerhard"]
[Result "0-1"]
[WhiteElo "1997"]
[BlackElo "2108"]
[PlyCount "69"]
[EventDate "2015.09.27"]

1. c4 Nf6 2. Nf3 g6 3. b3 Bg7 4. Bb2 O-O 5. e3 d6 6. d4 Bg4 7. Be2 Nbd7 8. Nc3
c6 9. O-O Qc7 10. Rc1 a6 11. Qc2 Rac8 12. Qb1 e5 13. Rfd1 Rfe8 14. dxe5 Nxe5
15. Ba3 Rcd8 16. Nd4 d5 17. cxd5 Nxd5 18. Nxd5 Rxd5 19. Bxg4 Nxg4 20. Nf3 Red8
21. h3 Ne5 22. Nxe5 Bxe5 23. Rxd5 Rxd5 24. Bb2 Bxb2 25. Qxb2 Qd6 26. b4 Rd2 27.
Qb1 Qf6 28. Rf1 Rb2 29. Qa1 Kg7 30. a3 Rxf2 31. Qxf6+ Rxf6 32. Rd1 Re6 33. Kf2
Kf6 34. Rd7 Re7 35. g4 0-1

[Event "N֖ Landesliga 2015/16"]
[Site "?"]
[Date "2015.09.27"]
[Round "1.2"]
[White "Jovanovic, Dusan"]
[Black "Sandh�fner, Florian"]
[Result "1-0"]
[WhiteElo "2373"]
[BlackElo "2301"]
[PlyCount "73"]
[EventDate "2015.09.27"]

1. Nf3 d5 2. b3 c5 3. e3 Nf6 4. Bb2 e6 5. Bb5+ Bd7 6. a4 Nc6 7. d3 Be7 8. Nbd2
O-O 9. O-O a6 10. Bxc6 Bxc6 11. Ne5 Be8 12. a5 Nd7 13. f4 f6 14. Nxd7 Bxd7 15.
Rf3 Bd6 16. Qe1 e5 17. fxe5 fxe5 18. Qg3 Qe7 19. e4 d4 20. Bc1 Bc7 21. h3 Rxf3
22. Nxf3 Rf8 23. Bd2 Be8 24. Bg5 Qd6 25. Qh4 Rf7 26. Bd2 h6 27. Qg3 Kh7 28. Rf1
Qe6 29. Be1 Rf6 30. Qh2 Bh5 31. g4 Be8 32. Bg3 Qf7 33. Kg2 Qe7 34. Bxe5 Rxf3
35. Bxc7 Rxf1 36. Kxf1 g5 37. Qe5 1-0

[Event "N֖ Landesliga 2015/16"]
[Site "?"]
[Date "2015.09.27"]
[Round "1.2"]
[White "Rumpl, Erwin"]
[Black "Juhasz, Kristof"]
[Result "1/2-1/2"]
[WhiteElo "2351"]
[BlackElo "2354"]
[PlyCount "60"]
[EventDate "2015.09.27"]

1. Nf3 Nf6 2. g3 g6 3. b3 b6 4. Bg2 Bb7 5. Bb2 Bg7 6. O-O O-O 7. c4 c5 8. Nc3
Nc6 9. Rc1 d5 10. Nxd5 Nxd5 11. Bxg7 Kxg7 12. cxd5 Qxd5 13. d4 Nxd4 14. Ne1 Qe6
15. Bxb7 Nxe2+ 16. Kg2 Rad8 17. Qc2 Nxc1 18. Qxc1 Rd7 19. Qc3+ Qf6 20. Qxf6+
Kxf6 21. Ba6 e5 22. a4 Rfd8 23. Nc2 e4 24. Ne3 h5 25. h4 Rd2 26. Bc4 Kg7 27.
Ra1 R8d6 28. Re1 Rf6 29. Re2 Rxe2 30. Bxe2 Rd6 1/2-1/2

[Event "N֖ Landesliga 2015/16"]
[Site "?"]
[Date "2015.09.27"]
[Round "1.2"]
[White "Plachetka, Jan"]
[Black "Wadsack, Wolfgang"]
[Result "1-0"]
[WhiteElo "2371"]
[BlackElo "2153"]
[PlyCount "81"]
[EventDate "2015.09.27"]

1. c4 Nf6 2. Nf3 d5 3. cxd5 Nxd5 4. d4 g6 5. e4 Nb6 6. h3 Bg7 7. Nc3 O-O 8. Be3
Nc6 9. Be2 f5 10. exf5 Rxf5 11. O-O e6 12. Rc1 Nb4 13. Qd2 N4d5 14. Bg5 Qf8 15.
Ne4 c6 16. Ng3 Rf7 17. Ne5 Rc7 18. Ne4 Bd7 19. Nc5 Qd6 20. Rfe1 Re8 21. Bg4 Bc8
22. h4 Nf6 23. Bf3 Nbd5 24. Re2 b6 25. Ne4 Nxe4 26. Rxe4 c5 27. dxc5 Rxc5 28.
Rxc5 bxc5 29. Ng4 Qb6 30. Qxd5 exd5 31. Rxe8+ Kf7 32. Rxc8 Qe6 33. Rd8 Qe1+ 34.
Kh2 Be5+ 35. g3 h6 36. Bxd5+ Kg7 37. Bxh6+ Kh7 38. Re8 Bxg3+ 39. fxg3 Qa1 40.
Re7+ Kh8 41. Bg7+ 1-0

[Event "N֖ Landesliga 2015/16"]
[Site "?"]
[Date "2015.09.27"]
[Round "1.2"]
[White "Wadsack, Winfried"]
[Black "Lechner, Daniel"]
[Result "0-1"]
[WhiteElo "2137"]
[BlackElo "2232"]
[PlyCount "48"]
[EventDate "2015.09.27"]

1. e4 c5 2. c3 Nf6 3. e5 Nd5 4. d4 cxd4 5. Nf3 Nc6 6. Bc4 Nb6 7. Bb3 d5 8. exd6
Qxd6 9. cxd4 Be6 10. Bxe6 Qxe6+ 11. Be3 Qc4 12. Nbd2 Qa6 13. a3 e6 14. b4 Nd5
15. Qc1 Rc8 16. Nb3 b6 17. Qb1 Qb5 18. Nc1 Bxb4+ 19. axb4 Ncxb4 20. Bd2 Rxc1+
21. Bxc1 Nc3 22. Qb2 Nd3+ 23. Kd2 Nxb2 24. Kxc3 O-O 0-1

[Event "N֖ Landesliga 2015/16"]
[Site "?"]
[Date "2015.09.27"]
[Round "1.3"]
[White "Blatny, Pavel"]
[Black "Hofmann, Thomas"]
[Result "0-1"]
[WhiteElo "2397"]
[BlackElo "2223"]
[PlyCount "64"]
[EventDate "2015.09.27"]

1. d4 Nf6 2. Nf3 c5 3. c3 Qa5 4. Nbd2 cxd4 5. Nb3 Qc7 6. cxd4 d5 7. g3 e6 8.
Bf4 Bb4+ 9. Nfd2 Bd6 10. Rc1 Nc6 11. Bxd6 Qxd6 12. Bg2 Qb4 13. e3 e5 14. a3 Qb6
15. dxe5 Nxe5 16. Rc3 Bg4 17. Qc2 Qa6 18. Bf1 Qd6 19. Nd4 O-O 20. f4 Nc6 21.
Nxc6 bxc6 22. Rxc6 Qe7 23. Qc5 Qb7 24. b4 Rac8 25. Rxc8 Rxc8 26. Qd4 Rc1+ 27.
Kf2 Rc2 28. Bg2 Qb6 29. Qd3 Bf5 30. Qxf5 Rxd2+ 31. Kf3 Qc6 32. b5 Qc4 0-1

[Event "N֖ Landesliga 2015/16"]
[Site "?"]
[Date "2015.09.27"]
[Round "1.3"]
[White "Hajek, Oskar"]
[Black "Buchnicek, Petr"]
[Result "0-1"]
[WhiteElo "2060"]
[BlackElo "2307"]
[PlyCount "53"]
[EventDate "2015.09.27"]

1. e4 d5 2. d3 dxe4 3. dxe4 Qxd1+ 4. Kxd1 Nf6 5. f3 e5 6. Be3 Be6 7. c3 Nbd7 8.
Kc2 Bc5 9. Bxc5 Nxc5 10. Nd2 O-O-O 11. Nb3 Na4 12. g3 g5 13. Nh3 h6 14. Nf2 Nd7
15. Bb5 Nab6 16. Rhe1 c6 17. Bf1 f5 18. Bh3 Rhf8 19. exf5 Bxf5+ 20. Bxf5 Rxf5
21. Nd2 h5 22. Nfe4 Rdf8 23. g4 hxg4 24. fxg4 Rf4 25. h3 Nf6 26. Re3 Nfd5 27.
Rf3 0-1

[Event "N֖ Landesliga 2015/16"]
[Site "?"]
[Date "2015.09.27"]
[Round "1.3"]
[White "Fiala, Vaclav"]
[Black "Wolfram, Bernd"]
[Result "1-0"]
[WhiteElo "2241"]
[BlackElo "2215"]
[PlyCount "99"]
[EventDate "2015.09.27"]

1. e4 c5 2. Nf3 Nc6 3. c3 Nf6 4. e5 Nd5 5. d4 e6 6. c4 Nb6 7. d5 exd5 8. cxd5
Nb4 9. d6 h6 10. Nc3 g6 11. a3 Na6 12. Be3 Bg7 13. Qd2 g5 14. Nd5 g4 15. Bxa6
Nxd5 16. Qxd5 Qa5+ 17. Nd2 Qxa6 18. Rc1 Qc6 19. Rxc5 Qxd5 20. Rxd5 b6 21. O-O
Bb7 22. Rd4 Bxe5 23. Re1 O-O-O 24. Rc4+ Kb8 25. Bxb6 axb6 26. Rxe5 Rde8 27. Re3
h5 28. Rb4 Rxe3 29. fxe3 Rh6 30. Rd4 f5 31. Nc4 b5 32. Ne5 Kc8 33. Kf2 Re6 34.
Nd3 Bc6 35. Nf4 Rh6 36. b3 Kb7 37. a4 bxa4 38. bxa4 Ka6 39. Nd5 Ka5 40. Ne7 Be4
41. Kg3 h4+ 42. Kf4 Rf6 43. g3 hxg3 44. hxg3 Ka6 45. Kg5 Rf8 46. Ng6 Re8 47.
Kf4 Rg8 48. Ne7 Rf8 49. Ke5 Ka5 50. Rc4 1-0

[Event "N֖ Landesliga 2015/16"]
[Site "?"]
[Date "2015.09.27"]
[Round "1.3"]
[White "Teuber, Andreas"]
[Black "Lipp, Alfred"]
[Result "0-1"]
[WhiteElo "2208"]
[BlackElo "2156"]
[PlyCount "116"]
[EventDate "2015.09.27"]

1. d4 d5 2. c4 e6 3. Nf3 Nf6 4. g3 Be7 5. Bg2 O-O 6. O-O dxc4 7. Qc2 a6 8. Qxc4
b5 9. Qc2 Bb7 10. Bd2 Bd6 11. Rc1 Qe7 12. Bg5 Nbd7 13. Nbd2 c5 14. Bxf6 gxf6
15. Ne4 Rac8 16. Nxd6 Qxd6 17. Ng5 fxg5 18. Bxb7 Rc7 19. dxc5 Nxc5 20. b4 Rxb7
21. Qxc5 Qxc5 22. Rxc5 h6 23. Rd1 Kg7 24. Rd4 Ra8 25. h4 Kg6 26. Rg4 a5 27. a3
f5 28. Rd4 axb4 29. axb4 Rb6 30. e4 f4 31. gxf4 gxf4 32. Kg2 Ra3 33. h5+ Kf6
34. Rd7 Rb8 35. Rh7 Rg8+ 36. Kh2 Rg4 37. Rxh6+ Ke7 38. Rh7+ Kf6 39. Rh6+ Ke7
40. Rg6 Rh4+ 41. Kg2 Rah3 42. Re5 f3+ 43. Kf1 Rxh5 44. Rxh5 Rxh5 45. Ke1 Rh4
46. e5 Re4+ 47. Kd2 Rxe5 48. Kd3 Re2 49. Rg5 Rxf2 50. Rxb5 Rb2 51. Rb7+ Kf6 52.
Rb8 Ke5 53. Ke3 Rb3+ 54. Kf2 Ke4 55. b5 Rb2+ 56. Kg3 Rg2+ 57. Kh3 Rg5 58. b6 f2
0-1

[Event "N֖ Landesliga 2015/16"]
[Site "?"]
[Date "2015.09.27"]
[Round "1.4"]
[White "Wagner, Stefan"]
[Black "Polak, Tomas"]
[Result "0-1"]
[WhiteElo "2147"]
[BlackElo "2524"]
[PlyCount "60"]
[EventDate "2015.09.27"]

1. c4 b6 2. Nc3 Bb7 3. e4 e5 4. g3 f5 5. Bg2 Nf6 6. Qc2 Nc6 7. Nge2 Nd4 8. Nxd4
exd4 9. Nd5 fxe4 10. Bxe4 Bxd5 11. cxd5 Bc5 12. O-O O-O 13. d3 Nxe4 14. dxe4
Rf3 15. Qe2 Qf6 16. Bf4 Rxf4 17. gxf4 Qxf4 18. Kh1 d3 19. Qxd3 Bd6 20. Qh3
Qxe4+ 21. f3 Qxd5 22. Qxd7 Qd2 23. Qh3 Qxb2 24. Rae1 Qxa2 25. Re4 Qf7 26. Rfe1
Rf8 27. Kg2 a5 28. Rh4 Bf4 29. Re4 Bd6 30. Rxh7 Qg6+ 0-1

[Event "N֖ Landesliga 2015/16"]
[Site "?"]
[Date "2015.09.27"]
[Round "1.4"]
[White "Schirmbeck, Hannes"]
[Black "Popelka, Oldrich"]
[Result "1/2-1/2"]
[WhiteElo "2128"]
[BlackElo "2138"]
[PlyCount "71"]
[EventDate "2015.09.27"]

1. Nf3 Nf6 2. g3 c5 3. Bg2 d5 4. d3 e6 5. O-O Nc6 6. Nbd2 Be7 7. e4 Qc7 8. b3
O-O 9. Bb2 b6 10. Nh4 Bb7 11. exd5 Nxd5 12. Qh5 Bf6 13. Bxf6 Nxf6 14. Qd1 Nd4
15. c3 Bxg2 16. Nxg2 Nb5 17. Qc2 Qe5 18. Rac1 Rad8 19. Nc4 Qf5 20. a4 Nc7 21.
Rcd1 Ncd5 22. Nge3 Qh5 23. d4 cxd4 24. Rxd4 Nxe3 25. Nxe3 Rxd4 26. cxd4 Qa5 27.
Rc1 Qb4 28. Qc4 Qa3 29. Rd1 Rd8 30. d5 exd5 31. Nxd5 Nxd5 32. Rxd5 Rxd5 33.
Qxd5 g6 34. Qd8+ Kg7 35. Qd4+ Kg8 36. Qd8+ 1/2-1/2

[Event "N֖ Landesliga 2015/16"]
[Site "?"]
[Date "2015.09.27"]
[Round "1.4"]
[White "Amberger, Dieter"]
[Black "Paulin, Manfred"]
[Result "1-0"]
[WhiteElo "2083"]
[BlackElo "1898"]
[PlyCount "41"]
[EventDate "2015.09.27"]

1. d4 d5 2. c4 Nf6 3. cxd5 Qxd5 4. Nc3 Qa5 5. e3 e6 6. Bd2 c6 7. Nf3 Be7 8. Bc4
Nbd7 9. O-O O-O 10. e4 Qc7 11. Rc1 a6 12. e5 Ne8 13. Ng5 Qd8 14. Qh5 h6 15.
Nxf7 Rxf7 16. Bxe6 Nxe5 17. Bb3 Qxd4 18. Be3 Qd6 19. f4 Nf3+ 20. Qxf3 Be6 21.
Rcd1 1-0

[Event "N֖ Landesliga 2015/16"]
[Site "?"]
[Date "2015.09.27"]
[Round "1.5"]
[White "Lendwai, Reinhard"]
[Black "Fr�wis, Georg"]
[Result "1/2-1/2"]
[WhiteElo "2359"]
[BlackElo "2434"]
[PlyCount "30"]
[EventDate "2015.09.27"]

1. c4 e6 2. Nf3 d5 3. d4 Nf6 4. Nc3 c6 5. cxd5 exd5 6. Bg5 h6 7. Bh4 Bf5 8. e3
Qb6 9. Bd3 Bxd3 10. Qxd3 Be7 11. O-O Nbd7 12. Ne5 Nxe5 13. dxe5 Nd7 14. Bxe7
Kxe7 15. f4 Nc5 1/2-1/2

[Event "N֖ Landesliga 2015/16"]
[Site "?"]
[Date "2015.09.27"]
[Round "1.5"]
[White "Herndlbauer, Martin"]
[Black "Winiwarter, Felix"]
[Result "1/2-1/2"]
[WhiteElo "2083"]
[BlackElo "2117"]
[PlyCount "97"]
[EventDate "2015.09.27"]

1. d4 Nf6 2. c4 c5 3. d5 e6 4. Nc3 exd5 5. cxd5 d6 6. e4 g6 7. Bg5 Bg7 8. f3
O-O 9. Qd2 Re8 10. Nge2 a6 11. a4 Nbd7 12. Ng3 Qc7 13. Be2 c4 14. Rc1 Rb8 15.
Be3 b5 16. axb5 axb5 17. b4 Nf8 18. O-O h5 19. Nh1 Bd7 20. Ra1 Ra8 21. Bd4 N8h7
22. Qb2 Qb7 23. Nf2 Rxa1 24. Rxa1 Ra8 25. Ra3 Ne8 26. Be3 Nhf6 27. Qa2 Rxa3 28.
Qxa3 Nc7 29. Bd4 Nfe8 30. Bxg7 Kxg7 31. Ncd1 Kg8 32. Ne3 Qa6 33. Qc3 Qa2 34.
Bd1 Na6 35. Bc2 f6 36. h3 Kf7 37. f4 Nac7 38. e5 fxe5 39. fxe5 dxe5 40. Ne4 Qa7
41. Ng5+ Kf8 42. Qxe5 Nxd5 43. Nh7+ Kg8 44. Qxd5+ Kxh7 45. Qf7+ Kh8 46. Qf8+
Kh7 47. Qf7+ Kh8 48. Qf8+ Kh7 49. Qf7+ 1/2-1/2

[Event "N֖ Landesliga 2015/16"]
[Site "?"]
[Date "2015.10.04"]
[Round "2.1"]
[White "Fr�wis, Georg"]
[Black "Wagner, Stefan"]
[Result "1-0"]
[WhiteElo "2434"]
[BlackElo "2147"]
[PlyCount "59"]
[EventDate "2015.09.27"]

1. Nf3 Nf6 2. c4 c5 3. e3 e6 4. d4 d5 5. Nc3 Nc6 6. cxd5 exd5 7. Bb5 cxd4
8. Nxd4 Bd7 9. O-O Bd6 10. Be2 a6 11. Bf3 Be6 12. Nxe6 fxe6 13. g3 O-O 14. b3
Qe7 15. Bg2 Rad8 16. Bb2 Ba3 17. Qc1 Bxb2 18. Qxb2 e5 19. Rad1 d4 20. exd4 exd4
21. Ne2 d3 22. Nf4 Ne5 23. Rfe1 Rfe8 24. Qc3 Qd6 25. Bxb7 g5 26. Nxd3 Nxd3 27.
Rxe8+ Nxe8 28. Be4 Nf6 29. Qxd3 Nxe4 30. Qc4+ 1-0

[Event "N֖ Landesliga 2015/16"]
[Site "?"]
[Date "2015.10.04"]
[Round "2.1"]
[White "Popelka, Oldrich"]
[Black "Kleiser, Gregor"]
[Result "0-1"]
[WhiteElo "2138"]
[BlackElo "2242"]
[PlyCount "118"]
[EventDate "2015.09.27"]

1. c4 c6 2. d4 d5 3. cxd5 cxd5 4. Nc3 Nf6 5. Bg5 e6 6. Nf3 Qb6 7. Qc2 Nc6 8. e3
Bd7 9. Be2 Rc8 10. O-O Be7 11. Bxf6 Bxf6 12. Na4 Qa5 13. Nc5 Nxd4 14. exd4 b6
15. Rfc1 bxc5 16. dxc5 O-O 17. Rab1 Qxa2 18. b4 Qxc2 19. Rxc2 Rc7 20. Rbc1 Rb8
21. c6 Bc8 22. b5 Kf8 23. g4 h6 24. h4 g5 25. hxg5 hxg5 26. Rd2 Rb6 27. Ra2 Ke7
28. Kg2 Kd6 29. Nd2 Be5 30. Rd1 Ke7 31. Nb3 a6 32. bxa6 Ra7 33. Nd4 Bxd4 34.
Rxd4 Kd6 35. Rda4 Rxc6 36. f3 Rb6 37. Kf2 Bd7 38. Ra5 Rb4 39. Rd2 Bc6 40. Rd1
f6 41. Rc1 Rb2 42. Re1 d4 43. Kg3 e5 44. Bd3 Rb3 45. Rd1 Kc7 46. Kf2 Rb2+ 47.
Kg3 Kd6 48. Rg1 Rd2 49. Bf5 Kc7 50. Ra3 Bb5 51. Rh1 Kb6 52. Rh6 Kc5 53. Rxf6 d3
54. Be4 Kb4 55. Ra1 Rb2 56. Rd6 d2 57. Rd1 Kc3 58. Kf2 Rxa6 59. Rd5 Bc4 0-1

[Event "N֖ Landesliga 2015/16"]
[Site "?"]
[Date "2015.10.04"]
[Round "2.1"]
[White "Bukacek, Emil"]
[Black "Ptacnik, Pavel"]
[Result "1/2-1/2"]
[WhiteElo "2143"]
[BlackElo "2023"]
[PlyCount "37"]
[EventDate "2015.09.27"]

1. e4 c5 2. Nc3 Nc6 3. f4 e6 4. Nf3 Nf6 5. g3 d5 6. e5 Nd7 7. Bg2 Be7 8.
O-O O-O 9. Ne2 b5 10. d4 a5 11. Be3 Ba6 12. Re1 b4 13. g4 Qc7 14. Rc1 Bc4 15.
b3 Bb5 16. dxc5 Bxe2 17. Rxe2 Bxc5 18. Bxc5 Nxc5 19. Nd4 1/2-1/2

[Event "N֖ Landesliga 2015/16"]
[Site "?"]
[Date "2015.10.04"]
[Round "2.1"]
[White "Paulin, Manfred"]
[Black "Hapala, Elisabeth"]
[Result "1-0"]
[WhiteElo "1898"]
[BlackElo "2083"]
[PlyCount "90"]
[EventDate "2015.09.27"]

1. d4 d5 2. Nf3 Nf6 3. Bg5 Ne4 4. Bh4 c5 5. c3 cxd4 6. Nxd4 g6 7. e3 Bg7 8. Nd2
Nxd2 9. Qxd2 O-O 10. Bd3 Nc6 11. O-O Re8 12. Rae1 Qb6 13. f4 Nxd4 14. exd4 e6
15. f5 Bd7 16. fxg6 fxg6 17. Bf6 Rf8 18. Bxg7 Kxg7 19. h4 Bb5 20. Bxb5 Qxb5 21.
Rxf8 Rxf8 22. h5 Rf5 23. h6+ Kf7 24. Qe3 Qc6 25. g4 Rf6 26. Qe5 Ke7 27. g5 Rf5
28. Qg7+ Rf7 29. Qe5 Qd6 30. Kg2 Qxe5 31. Rxe5 Kd6 32. Re3 Rf5 33. Rg3 b5 34.
b4 e5 35. dxe5+ Kxe5 36. Re3+ Kd6 37. Rg3 Rf4 38. Kh3 Rf2 39. Kg4 Rxa2 40. Rf3
Rg2+ 41. Kh4 Re2 42. Kg4 Re4+ 43. Kg3 Ke7 44. Rf6 Re3+ 45. Kf4 Re6 1-0

[Event "N֖ Landesliga 2015/16"]
[Site "?"]
[Date "2015.10.04"]
[Round "2.2"]
[White "Riegler, Rene"]
[Black "Zwettler, Martin"]
[Result "1-0"]
[WhiteElo "2010"]
[BlackElo "2272"]
[PlyCount "115"]
[EventDate "2015.09.27"]

1. e4 g6 2. d4 Bg7 3. Nf3 c5 4. c3 cxd4 5. cxd4 d5 6. e5 Bg4 7. Nc3
Nc6 8. Bb5 Rc8 9. h3 Bxf3 10. Qxf3 e6 11. Be3 Nge7 12. Rc1 O-O 13. O-O Qa5 14.
Qe2 Nf5 15. Bxc6 bxc6 16. g4 Nxe3 17. fxe3 f6 18. exf6 Bxf6 19. Qh2 c5
20. Qd6 Qb6 21. dxc5 Rxc5 22. Qxb6 axb6 23. Na4 Rxc1 24. Rxc1 d4 25. Nxb6 Bg5
26. Rc8 Bxe3+ 27. Kg2 d3 28. Rxf8+ Kxf8 29. Nc4 Bg5 30. Kf3 Ke7 31. b4 Kd8 32.
Ne5 d2 33. Ke2 Kc7 34. Nf3 Be7 35. a3 Kb6 36. Kxd2 Kb5 37. Kc3 Ka4 38. Kb2 Bf6+
39. Ka2 h5 40. Nd2 hxg4 41. hxg4 Bd4 42. Nc4 e5 43. Nb2+ Kb5 44. Kb3 Kc6 45.
Nd3 Kd5 46. Nc5 e4 47. Kc2 Ke5 48. a4 Kd5 49. a5 Bxc5 50. bxc5 Kxc5 51.
Kd2 Kb5 52. Ke3 Kxa5 53. Kxe4 Kb6 54. Ke5 Kc7 55. g5 Kd7 56. Kf6 Ke8 57. Kxg6
Kf8 58. Kh7 1-0

[Event "N֖ Landesliga 2015/16"]
[Site "?"]
[Date "2015.10.04"]
[Round "2.2"]
[White "Lipp, Alfred"]
[Black "Amberger, Dieter"]
[Result "1/2-1/2"]
[WhiteElo "2156"]
[BlackElo "2083"]
[PlyCount "131"]
[EventDate "2015.09.27"]

1. d4 Nf6 2. c4 e6 3. Nc3 d5 4. Bg5 Be7 5. e3 O-O 6. Nf3 h6 7. Bh4 c6
8. Qc2 Nbd7 9. h3 Ne4 10. Bxe7 Qxe7 11. Nxe4 dxe4 12. Nd2 f5 13. Be2 e5 14. O-O
exd4 15. exd4 Nf6 16. Rfe1 Qd6 17. Qc3 f4 18. Bf1 Bf5 19. c5 Qd7 20. Nc4 Nd5
21. Qb3 Kh7 22. Nd6 e3 23. Nxf5 exf2+ 24. Kxf2 Rxf5 25. Bd3 Ne3 26. Bxf5+ Qxf5
27. Kg1 Qe4 28. Re2 Qxd4 29. Qc3 Qd5 30. Rd2 Qg5 31. Qd3+ Kh8 32. Qd6 Nc4 33.
Qd4 Nxd2 34. Qxd2 Qxc5+ 35. Kh2 Qe3 36. Qd6 Re8 37. Rf1 Qg3+ 38. Kg1 Qe3+ 39.
Kh1 f3 40. Rxf3 Qc1+ 41. Kh2 Qxb2 42. Rf7 a5 43. a4 Kg8 44. Rd7 Qe5+ 45. Qxe5
Rxe5 46. Rxb7 Re4 47. Rb6 Rxa4 48. Rxc6 Ra1 49. Ra6 a4 50. g4 a3 51. Kg3 g5 52.
Ra7 a2 53. Kg2 Kf8 54. Kh2 Ke8 55. Kg2 Kd8 56. Kh2 Kc8 57. Kg2 Kb8 58. Ra3 Kb7
59. Kh2 Kb6 60. Kg2 Kb5 61. Ra8 Kc6 62. Ra3 Kd5 63. Ra4 Kc5 64. Kh2 Kd5 65. Kg2
Kc5 66. Ra8 1/2-1/2

[Event "N֖ Landesliga 2015/16"]
[Site "?"]
[Date "2015.10.04"]
[Round "2.2"]
[White "Schmid, Thomas"]
[Black "Mlynek, Petr"]
[Result "1/2-1/2"]
[WhiteElo "2114"]
[BlackElo "2197"]
[PlyCount "97"]
[EventDate "2015.09.27"]

1. e4 c6 2. Nc3 d5 3. Nf3 Bg4 4. h3 Bxf3 5. Qxf3 Nf6 6. d4 dxe4 7. Qe3 e6 8.
Nxe4 Be7 9. Be2 Nbd7 10. O-O Nxe4 11. Qxe4 Nf6 12. Qd3 O-O 13. Rd1 Qb6 14. Qb3
Rfd8 15. c3 c5 16. Qxb6 axb6 17. dxc5 bxc5 18. Bd2 b6 19. a4 Ra7 20. Kf1 h6 21.
Ke1 Ne4 22. Be3 Rxd1+ 23. Kxd1 Bg5 24. Kc2 Bxe3 25. fxe3 Kf8 26. b4 cxb4 27.
cxb4 Ke7 28. Kd3 f5 29. Bf3 Nd6 30. h4 e5 31. Bc6 Kd8 32. Kc3 Rc7 33. b5 Ke7
34. Kb4 Nc8 35. a5 bxa5+ 36. Rxa5 Kd6 37. Ra6 Ra7 38. Rxa7 Nxa7 39. Be8 Nc8 40.
g3 g5 41. hxg5 hxg5 42. Ka5 Kc5 43. Ka6 Nb6 44. Bg6 f4 45. exf4 exf4 46. gxf4
gxf4 47. Bh5 Nd5 48. Ka5 Nb6 49. Ka6 1/2-1/2

[Event "N�- Landesliga 2015/16"]
[Site "?"]
[Date "2015.10.04"]
[Round "2.2"]
[White "Vykydal, Frantisek"]
[Black "Piringer, Florian"]
[Result "1/2-1/2"]
[WhiteElo "2117"]
[BlackElo "2118"]
[PlyCount "52"]
[EventDate "2015.09.27"]

1. e4 e5 2. Nf3 Nc6 3. Bb5 Nf6 4. Bxc6 dxc6 5. d3 Nd7 6. O-O Bd6 7.
Be3 c5 8. Nbd2 O-O 9. Nc4 Re8 10. a4 a5 11. h3 Nf8 12. Nxd6 Qxd6 13. Nd2 Ng6
14. Nc4 Qe7 15. Qd2 b6 16. f4 exf4 17. Bxf4 Be6 18. Ne3 Nxf4 19. Rxf4 Rad8 20.
Raf1 Qd7 21. b3 Qd4 22. Qf2 Re7 23. Kh1 Rde8 24. Nf5 Bxf5 25. Rxf5 Qxf2 26.
R1xf2 f6 1/2-1/2

[Event "N֖ Landesliga 2015/16"]
[Site "?"]
[Date "2015.10.04"]
[Round "2.3"]
[White "Hofmann, Thomas"]
[Black "Plachetka, Jan"]
[Result "1-0"]
[WhiteElo "2223"]
[BlackElo "2371"]
[PlyCount "71"]
[EventDate "2015.09.27"]

1. e4 d6 2. d4 Nf6 3. Nc3 e5 4. Nf3 Nbd7 5. Bc4 Be7 6. O-O O-O 7. h3 c6 8. a4
b6 9. d5 cxd5 10. Nxd5 Bb7 11. Re1 Rc8 12. b3 Nxd5 13. exd5 f5 14. a5 bxa5 15.
Bd2 Nb6 16. Bxa5 Qd7 17. Bxb6 axb6 18. Ra7 b5 19. Bf1 Bd8 20. c4 Bb6 21. Ra2
bxc4 22. Bxc4 h6 23. Qd2 Rc5 24. Qb4 Qc7 25. Rd1 Kh7 26. Qd2 e4 27. Ne1 f4 28.
Nc2 Qe7 29. Re1 e3 30. fxe3 fxe3 31. Nxe3 Rcc8 32. Qd3+ Kh8 33. Rae2 Rce8 34.
Kh1 Qh4 35. Qg6 Bc8 36. Bd3 1-0

[Event "N֖ Landesliga 2015/16"]
[Site "?"]
[Date "2015.10.04"]
[Round "2.3"]
[White "Juhasz, Kristof"]
[Black "Vrana, Frantisek"]
[Result "1-0"]
[WhiteElo "2354"]
[BlackElo "2228"]
[PlyCount "85"]
[EventDate "2015.09.27"]

1. d4 Nf6 2. c4 e6 3. g3 c5 4. Nf3 cxd4 5. Nxd4 Qc7 6. b3 a6 7. Bg2 Bb4+ 8. Bd2
Bc5 9. Nf3 Ne4 10. O-O Qb6 11. e3 O-O 12. Nc3 Nxc3 13. Bxc3 Bxe3 14. b4 Bh6 15.
c5 Qd8 16. Ne5 Nc6 17. Nc4 b5 18. Nd6 Bg5 19. Qd3 Ra7 20. a4 bxa4 21. Rxa4 Be7
22. Rfa1 Rb7 23. Nxb7 Bxb7 24. Bxc6 Bxc6 25. Rxa6 Qb8 26. Qd4 f6 27. Rxc6 dxc6
28. Qd7 Re8 29. Qxe6+ Kf8 30. Qxc6 Qd8 31. Qf3 Qb8 32. Kg2 Rd8 33. Re1 Qb5 34.
Qe4 Rd7 35. Qxh7 Rd3 36. Ba1 Ra3 37. Qe4 Ra7 38. Bb2 Rb7 39. Bc3 Rc7 40. Qa8+
Kf7 41. Qd5+ Kf8 42. Ra1 Rd7 43. Ra8+ 1-0

[Event "N֖ Landesliga 2015/16"]
[Site "?"]
[Date "2015.10.04"]
[Round "2.3"]
[White "Hajek, Oskar"]
[Black "Juhasz, Armin"]
[Result "0-1"]
[WhiteElo "2060"]
[BlackElo "2315"]
[PlyCount "100"]
[EventDate "2015.09.27"]

1. e4 c6 2. d4 d5 3. f3 e6 4. Nc3 Bb4 5. Bf4 Nf6 6. a3 Be7 7. Nge2 O-O 8. Ng3
c5 9. Nb5 Na6 10. c3 Qb6 11. Be2 Bd7 12. a4 c4 13. O-O Bxb5 14. axb5 Nc7 15.
Bxc7 Qxc7 16. e5 Ne8 17. f4 g6 18. b3 cxb3 19. Qxb3 Ng7 20. Rxa7 Rxa7 21. b6
Qb8 22. bxa7 Qxa7 23. Rb1 Rb8 24. Qb6 Qa2 25. Bd3 Ne8 26. Nf1 Bf8 27. g4 Qa3
28. f5 exf5 29. e6 Qxc3 30. exf7+ Kxf7 31. Rb3 Qc7 32. Qb5 fxg4 33. Qxd5+ Kg7
34. Ng3 Nf6 35. Qg5 Qd8 36. d5 Bc5+ 37. Kf1 Kh8 38. Qe5 Qd6 39. Qxd6 Bxd6 40.
Rb5 b6 41. Kg2 Bc5 42. Ne4 Nxe4 43. Bxe4 Re8 44. Bd3 Re5 45. Bc4 Re1 46. Kg3
Bd6+ 47. Kg2 Bc5 48. Kg3 Rg1+ 49. Kf4 Bd6+ 50. Kg5 Kg7 0-1